000 00462nam a2200169 i 4500
001 bg
100 1 _aWieschemann, Paul Gerhard.
245 0 _aBeton Konstruktionen im Hochbau /
_cPaulGerhard Wieschemann, Konrad Gatz.
260 _aMünchen :
_bGeorg D.W. Callwey,
_c1968.
650 9 _aKonstrukcje betonowe
700 1 _aGATZ, Konrad.
040 _cBPK
041 _apol
080 _a624.012.4
942 _cKS
008 s pl f |000 0 pol
999 _c13201
_d13201
856 _uhttp://koha.tu.koszalin.pl/cgi-bin/koha/opac-detail.pl?biblionumber=13201
_yKatalog online BPK